| 000 | 00794nam a2200301 a 4500 | ||
|---|---|---|---|
| 003 | AR-BaBNM | ||
| 005 | 20251128202734.0 | ||
| 008 | 082120s2002 ||||||||||||||000 | spa|| | ||
| 020 | _a84-7100-353-8 | ||
| 040 | _cAR-BaBNM | ||
| 100 | 1 | _aDomínguez Ortiz, Antonio | |
| 245 | 0 | 0 | _aLos judeoconversos en la España moderna |
| 250 | _a1ª ed. | ||
| 260 |
_aMadrid _bMapfre _c1991 |
||
| 300 |
_a292 p. _btablas |
||
| 490 | 0 |
_aAmérica 92 _vv. 7 |
|
| 500 | _aApéndices para consultar p. 265-278. | ||
| 650 | 4 | _aECONOMIA | |
| 650 | 4 | _aHISTORIA POLITICA | |
| 650 | 4 | _aJUDIOS | |
| 650 | 4 | _aMISIONES JESUITICAS | |
| 650 | 4 | _aMISIONES RELIGIOSAS | |
| 650 | 4 | _aHISTORIA SOCIAL | |
| 651 | 4 | _aPortugal | |
| 800 | 1 |
_aGallego, José Andrés _ecoordinador |
|
| 942 | _cBK | ||
| 998 | _cmariana | ||
| 999 |
_c335 _d335 |
||